Rural planning and management
Guardado en:
| Otros Autores: | |
|---|---|
| Formato: | Libro |
| Lenguaje: | inglés |
| Publicado: |
Cheltenham
Edward Elgar
2001
|
| Colección: | Managing the environment for sustainable development.
2 |
| Materias: | |
| Etiquetas: |
Sin Etiquetas, Sea el primero en etiquetar este registro!
|
MARC
| LEADER | 00000nam$a2200000$$$4500 | ||
|---|---|---|---|
| 001 | 0023382 | ||
| 005 | 20240104133035.2 | ||
| 020 | |a 1-84064-220-3 | ||
| 041 | 0 | |a eng | |
| 044 | |a GB | ||
| 245 | 1 | 0 | |a Rural planning and management |c Edited by Joe Morris ... [et al.] |
| 264 | 1 | |a Cheltenham |b Edward Elgar |c 2001 | |
| 300 | |a 674 s. | ||
| 490 | 1 | |a Managing the environment for sustainable development. |v 2 | |
| 830 | 0 | |a Managing the environment for sustainable development. |v 2 | |
| 610 | 2 | 0 | |a vidiek |
| 610 | 2 | 0 | |a plánovanie |
| 610 | 2 | 0 | |a riadenie |
| 610 | 2 | 0 | |a manažment |
| 610 | 2 | 0 | |a rozvoj regionálny |
| 610 | 2 | 0 | |a krajiny rozvojové |
| 610 | 2 | 0 | |a krajiny tranzitívne |
| 610 | 2 | 0 | |a krajiny vyspelé |
| 610 | 2 | 0 | |a úroveň životná |
| 610 | 2 | 0 | |a stratégia hospodárska |
| 610 | 2 | 0 | |a podmienky sociálne |
| 610 | 2 | 0 | |a poľnohospodárstvo |
| 610 | 2 | 0 | |a lesníctvo |
| 610 | 2 | 0 | |a energia |
| 610 | 2 | 0 | |a turistika |
| 610 | 2 | 0 | |a podnikanie |
| 610 | 2 | 0 | |a doprava |
| 610 | 2 | 0 | |a bývanie |
| 610 | 2 | 0 | |a správa miestna |
| 700 | 1 | |a Morris, Joe | |